Normal view
MARC view
Entry Personal Name
001 - CONTROL NUMBER
- control field: 3731
003 - CONTROL NUMBER IDENTIFIER
- control field: ARRUPE
005 - DATE AND TIME OF LATEST TRANSACTION
- control field: 20131125161846.0
008 - FIXED-LENGTH DATA ELEMENTS
- fixed length control field: 131125|| aca||aabn | a|a d
040 ## - CATALOGING SOURCE
- Original cataloging agency: ARRUPE
- Transcribing agency: ARRUPE
100 ## - HEADING--PERSONAL NAME
- Personal name: Kelly, Joseph F.
- Fuller form of name: (Joseph Francis),
- Dates associated with a name: 1945-
670 ## - SOURCE DATA FOUND
- Source citation: Work cat.: (ARRUPE)0: Kelly, Joseph F. (Joseph Francis), 1945-, The ecumenical councils of the Catholic Church :, c2009.